书目信息 |
| 题名: |
高分子化合物的毒性和防护
|
|
| 作者: | ;上海市劳动卫生职业病防治院 编 | |
| 分册: | ||
| 出版信息: | 北京 人民卫生出版社 1974 |
|
| 页数: | 219页 | |
| 开本: | 20cm | |
| 丛书名: | ||
| 单 册: | ||
| 中图分类: | R136 | |
| 科图分类: | ||
| 主题词: | 劳动卫生 | |
| 电子资源: | ||
| ISBN: | ||
| 000 | 00736nam0 2200217 450 | |
| 001 | 0636138140 | |
| 005 | 20060508100515.06 | |
| 010 | @dCNY0.46 | |
| 091 | @a14048.3341 | |
| 100 | @a20060508d1974 km y0chiy0120 ea | |
| 101 | 0 | @achi |
| 102 | @aCN@b110000 | |
| 102 | @aCN@b110000 | |
| 200 | 1 | @a高分子化合物的毒性和防护@Agao fen zi hua he wu de du xing he fang hu@f上海市劳动卫生职业病防治院等编@Fshang hai shi lao dong wei sheng zhi ye bing fang zhi yuan deng bian |
| 210 | @a北京@c人民卫生出版社@d1974 | |
| 215 | @a219页@d20cm | |
| 606 | 0 | @a劳动卫生 |
| 690 | @aR136@v3 | |
| 711 | 0 | @a上海市劳动卫生职业病防治院@Ashang hai shi lao dong wei sheng zhi ye bing fang zhi yuan@4编 |
| 801 | 0 | @aCN@bPFT@c20060508 |
| 905 | @a10447@dR136@e3 | |
| 高分子化合物的毒性和防护/上海市劳动卫生职业病防治院等编.-北京:人民卫生出版社,1974 |
| 219页;20cm |
| ISBN :CNY0.46 |
| ● |
| 相关链接 |
|
|
|
|
正题名:高分子化合物的毒性和防护
索取号:R136/3
 
预约/预借
| 序号 | 登录号 | 条形码 | 馆藏地/架位号 | 状态 | 备注 |
| 1 | 0017857 | 202293758 | 密集书库/ [索取号:R136/3] | 在馆 |